| 000 | 00844nam a22002777a 4500 | ||
|---|---|---|---|
| 001 | BR8803249 | ||
| 003 | BR-BrBNA | ||
| 005 | 20230928092922.0 | ||
| 007 | ta | ||
| 008 | 230509b bl.||||| |||| 00| 0 por d | ||
| 040 |
_aBR-BrBNA _bpor _cBiblioteca Nacional de Agricultura |
||
| 041 | _a(Por) | ||
| 072 | _aP11 | ||
| 090 | _ P11 BR8803249 | ||
| 100 | 1 | _aCoelho, E.F. | |
| 110 | 1 |
_aUniversidade Federal de Vicosa, MG (Brasil) _0Tese (Magister Scientiae) |
|
| 245 | 1 | _aDesempenho de algumas equacoes de drenagem e dos drenos abertos e cobertos em condicoes de campo | |
| 260 | 3 |
_aVicosa, MG (Brasil): _c1984. |
|
| 300 | _a80 p. | ||
| 500 | _a12 tables; 12 graphs; Summary (Por); Bibliography p. 75-80 (58 ref.) | ||
| 650 | _aDRENAGEM | ||
| 650 | _aVAZAO | ||
| 650 | _aDRENO | ||
| 909 |
_a202309 _bLucia _c55 _dLucia Elande |
||
| 942 | _cBK | ||
| 999 |
_c41977 _d41977 |
||